[Event "Championnat de France Minimes"]
[Site "MONTBELIARD"]
[Date "2014.04.20"]
[Round "1.6"]
[White "Haussernot, Cecile"]
[Black "Breysse, Fiora"]
[Result "1-0"]
[WhiteElo "2003"]
[BlackElo "1479"]
[PlyCount "57"]
[EventDate "2014.??.??"]

1. e4 d6 2. d4 Nf6 3. Nc3 g6 4. f4 Bg7 5. Nf3 O-O 6. Bd3 c6 7. O-O Nbd7 8. e5
Ne8 9. Be3 Nc7 10. Ne4 d5 11. Ng3 e6 12. h4 b6 13. b3 Ba6 14. c4 c5 15. h5 cxd4
16. Bxd4 Nc5 17. Bxc5 bxc5 18. Qc2 d4 19. Kf2 Bb7 20. Ng5 h6 21. Nh3 g5 22. Kg1
gxf4 23. Rxf4 Bxe5 24. Rg4+ Kh8 25. Qd2 Bg7 26. Rf1 Qe7 27. Rgf4 Rg8 28. Bc2
Be5 29. Rxf7 1-0

[Event "Championnat de France Minimes"]
[Site "MONTBELIARD"]
[Date "2014.04.20"]
[Round "1.7"]
[White "Bernardon, Pauline"]
[Black "Auvray, Honorine"]
[Result "0-1"]
[WhiteElo "1473"]
[BlackElo "1966"]
[PlyCount "78"]
[EventDate "2014.??.??"]

1. e4 c5 2. Nf3 e6 3. d4 cxd4 4. Nxd4 a6 5. c4 Nf6 6. Bd3 Qc7 7. Qc2 Nc6 8.
Nxc6 dxc6 9. h3 e5 10. Be3 Nd7 11. c5 Qa5+ 12. Nd2 Bxc5 13. Bxc5 Nxc5 14. O-O
Nxd3 15. Qxd3 Be6 16. Nf3 Rd8 17. Qe3 f6 18. a3 O-O 19. Nh4 Qd2 20. Qb6 Qf4 21.
Nf3 Qxe4 22. Qxb7 Rb8 23. Qxa6 Bc4 24. Qa4 Ra8 25. Qb4 Rfb8 26. Rfe1 Qd5 27.
Qc3 Rb3 28. Qd2 Rd8 29. Rad1 Rd3 30. Qxd3 Bxd3 31. Re3 e4 32. Ne1 Qb3 33. Rd2
f5 34. f4 Qb6 35. Kf2 Rd5 36. Nxd3 Rxd3 37. Rdxd3 exd3 38. Kf3 d2 39. Rd3 Qxb2
0-1

[Event "Championnat de France Minimes"]
[Site "MONTBELIARD"]
[Date "2014.04.20"]
[Round "1.8"]
[White "Chung, Mathilde"]
[Black "Rondeau, Maurene"]
[Result "1-0"]
[WhiteElo "1949"]
[BlackElo "1460"]
[PlyCount "75"]
[EventDate "2014.??.??"]

1. d4 d5 2. c4 c6 3. Nc3 Nf6 4. Nf3 e6 5. e3 Nbd7 6. Bd3 c5 7. O-O Nb6 8. cxd5
cxd4 9. Bb5+ Bd7 10. Bxd7+ Qxd7 11. dxe6 fxe6 12. Qxd4 Qxd4 13. Nxd4 Kf7 14. b3
Bc5 15. Bb2 Bxd4 16. exd4 Nbd5 17. Nb5 Ne8 18. Rac1 a6 19. Nc3 Nef6 20. f4 g6
21. Na4 Rac8 22. Nc5 Rc7 23. g3 Nd7 24. Nxe6 Kxe6 25. Rxc7 Nxc7 26. d5+ Nxd5
27. Bxh8 Nb4 28. a3 Nc2 29. a4 Nb4 30. Bc3 Nd5 31. Re1+ Kf7 32. Bb2 Nb4 33. Ba3
a5 34. Bxb4 axb4 35. Re4 Nc5 36. Rxb4 Ke6 37. Kg2 h5 38. Kf3 1-0

[Event "Championnat de France Minimes"]
[Site "MONTBELIARD"]
[Date "2014.04.20"]
[Round "1.9"]
[White "Rose, Marina"]
[Black "Leriche, Ines"]
[Result "0-1"]
[WhiteElo "1460"]
[BlackElo "1888"]
[PlyCount "82"]
[EventDate "2014.??.??"]

1. d4 Nf6 2. Nf3 c5 3. c3 cxd4 4. cxd4 e6 5. e3 b6 6. Be2 Bb7 7. b3 Bb4+ 8.
Nbd2 Bc3 9. Rb1 Be4 10. Rb2 O-O 11. O-O Bxb2 12. Bxb2 Bb7 13. Qc2 d5 14. Bd3
Nc6 15. Ba3 Re8 16. Bb5 Rc8 17. Qd3 Nd7 18. e4 a6 19. Bxa6 Bxa6 20. Qxa6 Ra8
21. Qb5 Nxd4 22. Nxd4 Rxa3 23. Nc6 Qa8 24. Nb4 Nf6 25. Re1 Qa5 26. Qxa5 bxa5
27. Nb1 axb4 28. Nxa3 bxa3 29. exd5 Nxd5 30. Re2 Rc8 31. g3 g6 32. Kg2 Rc3 33.
Rd2 Kg7 34. Kf1 Nb4 35. Ke2 Rc2 36. Rxc2 Nxc2 37. Kd2 Nb4 38. Kc1 Nxa2+ 39. Kb1
Nb4 40. Ka1 a2 41. Kb2 Kf6 0-1

[Event "Championnat de France Minimes"]
[Site "MONTBELIARD"]
[Date "2014.04.20"]
[Round "1.10"]
[White "Imperor, Lorene"]
[Black "Fromherz, Audrey"]
[Result "1-0"]
[WhiteElo "1878"]
[BlackElo "1458"]
[PlyCount "75"]
[EventDate "2014.??.??"]

1. d4 Nf6 2. Bf4 g6 3. e3 Bg7 4. Be2 d6 5. Nf3 Nbd7 6. O-O O-O 7. c4 c5 8. Nc3
b6 9. Qc2 Bb7 10. Rad1 Rc8 11. b3 a6 12. d5 Qc7 13. h3 Ne5 14. Bh2 Nxf3+ 15.
Bxf3 Nd7 16. Be2 Rcd8 17. Ne4 Nf6 18. Ng5 b5 19. e4 b4 20. f4 h6 21. Nf3 e6 22.
e5 Ne8 23. dxe6 fxe6 24. Qxg6 Qf7 25. Qxf7+ Kxf7 26. f5 exf5 27. Nh4 Ke6 28.
Bd3 Be4 29. Ng6 Rf7 30. Bxe4 fxe4 31. Nf4+ Ke7 32. Rfe1 dxe5 33. Ng6+ Ke6 34.
Rxd8 Nd6 35. Rd1 Nb7 36. Re8+ Kf5 37. Nxe5 Kf6 38. Rf1+ 1-0

[Event "Championnat de France Minimes"]
[Site "MONTBELIARD"]
[Date "2014.04.21"]
[Round "2.6"]
[White "Pfarr, Zoi"]
[Black "Haussernot, Cecile"]
[Result "0-1"]
[WhiteElo "2003"]
[BlackElo "2003"]
[PlyCount "72"]
[EventDate "2014.??.??"]

1. d4 Nf6 2. Nf3 e6 3. Bg5 c5 4. c3 d5 5. e3 Nc6 6. Bd3 Bd6 7. Nbd2 O-O 8. O-O
Re8 9. e4 cxd4 10. cxd4 dxe4 11. Nxe4 Be7 12. Nxf6+ Bxf6 13. Bxf6 Qxf6 14. Qa4
Bd7 15. Qc2 h6 16. a3 Rac8 17. Qd1 Red8 18. Re1 Ne7 19. Ne5 Be8 20. Qg4 Bc6 21.
Rac1 Rd6 22. Rc4 Rcd8 23. Rd1 Nf5 24. Nf3 b5 25. Rc5 Bxf3 26. Qxf3 Rxd4 27. Rc3
Qg5 28. h3 e5 29. Re1 Rf4 30. Qc6 Nd4 31. Bh7+ Kxh7 32. Qb7 e4 33. Rg3 Qf6 34.
Rf1 Ne2+ 35. Kh2 Nxg3 36. Kxg3 Qe5 0-1

[Event "Championnat de France Minimes"]
[Site "MONTBELIARD"]
[Date "2014.04.21"]
[Round "2.7"]
[White "Auvray, Honorine"]
[Black "Langevin, Pauline"]
[Result "1-0"]
[WhiteElo "1966"]
[BlackElo "1564"]
[PlyCount "97"]
[EventDate "2014.??.??"]

1. e4 c5 2. Nf3 Nc6 3. d4 cxd4 4. Nxd4 Nf6 5. Nc3 e5 6. Ndb5 d6 7. Na3 Be7 8.
Bg5 a6 9. Bxf6 Bxf6 10. Nc4 Be7 11. Nd5 O-O 12. Nxe7+ Qxe7 13. Qxd6 Qxd6 14.
Nxd6 Be6 15. c3 b5 16. a4 b4 17. Bc4 bxc3 18. bxc3 Rfd8 19. Rd1 Bxc4 20. Nxc4
Rac8 21. O-O f6 22. Nb6 Rb8 23. Nd5 Kf7 24. f3 a5 25. Rb1 Ne7 26. c4 Rdc8 27.
Rxb8 Rxb8 28. Rc1 Nc6 29. c5 Ke6 30. Nc7+ Kd7 31. Nb5 Nb4 32. Na3 Kc6 33. Nc4
Kxc5 34. Nxe5+ Kd4 35. Nd7 Rd8 36. Nc5 Ra8 37. Nb3+ Ke3 38. Rc5 Rd8 39. h3 Rd3
40. Nxa5 Rd1+ 41. Kh2 Ra1 42. Rc4 Nd3 43. Nc6 Nb2 44. Rc3+ Kd2 45. Rb3 Nxa4 46.
Rb7 Rc1 47. Nd4 Kd3 48. Ne6 Nc5 49. Rc7 1-0

[Event "Championnat de France Minimes"]
[Site "MONTBELIARD"]
[Date "2014.04.21"]
[Round "2.8"]
[White "Robert, Perrine"]
[Black "Chung, Mathilde"]
[Result "0-1"]
[WhiteElo "1581"]
[BlackElo "1949"]
[PlyCount "52"]
[EventDate "2014.??.??"]

1. e4 e6 2. d4 d5 3. e5 c5 4. c3 Nc6 5. Bb5 Qb6 6. Bxc6+ bxc6 7. Nf3 Ba6 8. b3
cxd4 9. cxd4 Nh6 10. Bb2 Nf5 11. Nc3 Rc8 12. Rc1 c5 13. Ne2 Qb5 14. Rc2 cxd4
15. Rxc8+ Bxc8 16. Bxd4 Nxd4 17. Qxd4 Bb4+ 18. Nd2 Ba6 19. Qe3 Bc5 20. Qf3 O-O
21. a4 Qa5 22. h4 Rc8 23. Rh3 Bb4 24. Qf4 Rc2 25. Qd4 Bxd2+ 26. Kf1 Rc1# 0-1

[Event "Championnat de France Minimes"]
[Site "MONTBELIARD"]
[Date "2014.04.21"]
[Round "2.9"]
[White "Leriche, Ines"]
[Black "Gtari, Aliya"]
[Result "1/2-1/2"]
[WhiteElo "1888"]
[BlackElo "1557"]
[PlyCount "111"]
[EventDate "2014.??.??"]

1. d4 d5 2. c4 c6 3. Nf3 e6 4. Nbd2 Nf6 5. g3 Bd6 6. Bg2 Nbd7 7. O-O O-O 8. Re1
e5 9. cxd5 Nxd5 10. Nc4 Bb4 11. Bd2 Bxd2 12. Qxd2 exd4 13. Qxd4 N7b6 14. Rad1
Be6 15. e4 Nxc4 16. Qxc4 Ne3 17. Rxd8 Nxc4 18. Rxa8 Rxa8 19. b3 Nb6 20. Rd1 h6
21. Kf1 a5 22. Nd4 Bd7 23. f4 a4 24. b4 Nc4 25. Kf2 Nb6 26. Bf1 Kf8 27. a3 Ke7
28. Ke3 Rd8 29. Be2 g6 30. Nf3 Be8 31. Rxd8 Kxd8 32. Kd4 Kc7 33. Ne5 Kd6 34.
Nd3 Nc8 35. Nc5 b5 36. Bg4 Ne7 37. Nb7+ Kc7 38. Nc5 h5 39. Bf3 Kd6 40. Nb7+ Kc7
41. Nc5 Kd6 42. Nb7+ Kc7 43. Nc5 Kd6 44. e5+ Kc7 45. Ne4 Bd7 46. Nd6 Be6 47.
Kc5 Kd7 48. Be4 Kc7 49. Ne8+ Kd7 50. Nd6 Kc7 51. Bg2 Kd7 52. Bf3 Kc7 53. Be4
Kd7 54. Nb7 Kc7 55. Nd6 Kd7 56. Bg2 1/2-1/2

[Event "Championnat de France Minimes"]
[Site "MONTBELIARD"]
[Date "2014.04.21"]
[Round "2.10"]
[White "Le Berre, Audrey"]
[Black "Imperor, Lorene"]
[Result "1-0"]
[WhiteElo "1562"]
[BlackElo "1878"]
[PlyCount "137"]
[EventDate "2014.??.??"]

1. c4 e5 2. Nc3 Nc6 3. g3 g6 4. Bg2 Bg7 5. Nf3 f5 6. d3 d6 7. Bg5 Nf6 8. Nd5 h6
9. Bxf6 Bxf6 10. Nxf6+ Qxf6 11. Nd2 O-O 12. O-O Ne7 13. Rb1 g5 14. e3 g4 15. f4
c6 16. fxe5 dxe5 17. Ne4 Qg6 18. Nc3 Qg5 19. Qd2 Be6 20. Rbd1 Rad8 21. b3 Ng6
22. Ne2 e4 23. d4 Ne5 24. Nf4 Bf7 25. Qf2 Nf3+ 26. Bxf3 gxf3 27. Kh1 h5 28. Rg1
Rd6 29. c5 Rd7 30. Rc1 Rfd8 31. Rgd1 Bd5 32. Qd2 Kf7 33. Qf2 Rh8 34. h4 Qh6 35.
Kh2 Ke8 36. Rg1 Rg8 37. Rcd1 Rdg7 38. Rc1 Rg4 39. Rcd1 Bf7 40. Rc1 Qf6 41. Rb1
Kd8 42. Rbc1 Kc8 43. Rc2 Qd8 44. b4 R8g7 45. a3 Qg8 46. Rcc1 Kb8 47. Ra1 Be8
48. Rab1 Qf7 49. Rbc1 Rg8 50. Rb1 R4g7 51. Ra1 b6 52. Kh3 Qf6 53. Kh2 Ka8 54.
Rac1 Rc7 55. cxb6 Rb7 56. bxa7 Rxa7 57. Ra1 Bf7 58. Qc2 Kb7 59. a4 Rga8 60. a5
Ra6 61. Rgb1 Be8 62. Rc1 Rc8 63. b5 Raa8 64. a6+ Kc7 65. Nd5+ Kd8 66. Nxf6 cxb5
67. Qxc8+ Rxc8 68. Rxc8+ Kxc8 69. Nxe8 1-0

[Event "Championnat de France Minimes"]
[Site "MONTBELIARD"]
[Date "2014.04.21"]
[Round "3.6"]
[White "Haussernot, Cecile"]
[Black "Saliou, Sarah"]
[Result "0-1"]
[WhiteElo "2003"]
[BlackElo "1636"]
[PlyCount "129"]
[EventDate "2014.??.??"]

1. e4 e6 2. d4 d5 3. Nc3 Bb4 4. Nge2 dxe4 5. a3 Bxc3+ 6. Nxc3 Nc6 7. Bb5 Nge7
8. Bg5 f6 9. Be3 O-O 10. Qd2 f5 11. O-O-O a6 12. Bxc6 Nxc6 13. f3 e5 14. d5 Na5
15. Bc5 Nc4 16. Qe2 Nd6 17. fxe4 Qg5+ 18. Kb1 f4 19. h3 Bd7 20. Qf3 Be8 21. Rd3
Bh5 22. Qf2 Rf6 23. Rg1 Raf8 24. Ka2 Bg6 25. Qf3 Bh5 26. Qf2 Bg6 27. Re1 R6f7
28. Qd2 Qh4 29. Bf2 Qe7 30. Qe2 Qg5 31. Rg1 Bh5 32. Qe1 Bg6 33. g4 Qd8 34. h4
Rd7 35. h5 Be8 36. Bh4 Qb8 37. Qe2 Qa7 38. Bf2 Qb8 39. g5 Kh8 40. Qg4 Re7 41.
g6 h6 42. Bh4 Bd7 43. Qf3 Ree8 44. Rd2 Qa7 45. Rdg2 Nc4 46. Bf2 Qb8 47. Nd1 Qc8
48. b3 Nd6 49. Re1 Bh3 50. Rgg1 Bd7 51. Bh4 Nb5 52. c3 Na7 53. c4 Qb8 54. Nf2
b6 55. Rg2 a5 56. Rh1 Nc8 57. Bg5 hxg5 58. h6 Re7 59. hxg7+ Kxg7 60. Qh5 Rg8
61. Qh6+ Kf6 62. Qxg5+ Kg7 63. Qh6+ Kf6 64. g7+ Kf7 65. Qg6# 0-1

[Event "Championnat de France Minimes"]
[Site "MONTBELIARD"]
[Date "2014.04.21"]
[Round "3.7"]
[White "Le Du, Maelle"]
[Black "Auvray, Honorine"]
[Result "0-1"]
[WhiteElo "1653"]
[BlackElo "1966"]
[PlyCount "132"]
[EventDate "2014.??.??"]

1. d4 Nf6 2. Nf3 g6 3. e3 Bg7 4. c4 O-O 5. Nc3 d5 6. b3 c5 7. Bd3 Nc6 8. Bb2
Bg4 9. Ne2 Bxf3 10. gxf3 cxd4 11. Nxd4 Nxd4 12. Bxd4 e5 13. Bb2 d4 14. h4 Qe7
15. Qe2 Qc5 16. O-O-O Bh6 17. Rde1 dxe3 18. fxe3 Nd5 19. h5 Kg7 20. Bxe5+ f6
21. Bd4 Qxd4 22. cxd5 Qa1+ 23. Kd2 Qxa2+ 24. Kd1 Qxb3+ 25. Kd2 Rac8 26. Rb1
Qxd5 27. hxg6 hxg6 28. Qh2 Qa2+ 29. Kd1 Qxh2 30. Rxh2 Rc7 31. Ke2 Re8 32. e4
Bf4 33. Rh3 Rh8 34. Rxh8 Kxh8 35. e5 Re7 36. Bxg6 Rxe5+ 37. Kf2 Be3+ 38. Kf1
Rg5 39. Ke2 Rxg6 40. Kxe3 Rg7 41. Kf4 Re7 42. Kf5 Kg7 43. f4 Rc7 44. Ke6 Rc6+
45. Kd7 Rb6 46. Ra1 a6 47. Ke7 Kg6 48. Ra5 Rb5 49. Ra1 Kf5 50. Rd1 Rb6 51. Rf1
Rb4 52. Kf7 Rxf4 53. Rb1 b5 54. Ra1 Ra4 55. Rf1+ Ke5 56. Re1+ Kd5 57. Kxf6 Rf4+
58. Kg5 Re4 59. Ra1 Re6 60. Kf5 Rb6 61. Ra5 Kd4 62. Kf4 b4 63. Kf3 b3 64. Ra1
b2 65. Rb1 Kd3 66. Kf2 Kc2 0-1

[Event "Championnat de France Minimes"]
[Site "MONTBELIARD"]
[Date "2014.04.21"]
[Round "3.8"]
[White "Chung, Mathilde"]
[Black "Volpin, Lea"]
[Result "1-0"]
[WhiteElo "1949"]
[BlackElo "1620"]
[PlyCount "125"]
[EventDate "2014.??.??"]

1. d4 Nf6 2. c4 g6 3. Nc3 Bg7 4. e4 d6 5. Nf3 O-O 6. Be2 e5 7. O-O Nc6 8. d5
Ne7 9. b4 Ne8 10. c5 f5 11. Nd2 Nf6 12. f3 f4 13. Nc4 g5 14. a4 h5 15. Ba3 Rf7
16. b5 Bf8 17. cxd6 cxd6 18. Nxd6 Rh7 19. Nxc8 Rxc8 20. Rc1 Qd7 21. Nb1 g4 22.
Rxc8 Nxc8 23. Bxf8 Kxf8 24. Nd2 Nd6 25. Qa1 Qe7 26. Kf2 Qg7 27. Ke1 Qg5 28. Kd1
Rc7 29. Qa3 Ke7 30. Nc4 Nfe8 31. Kd2 Kd7 32. Rc1 Nxc4+ 33. Rxc4 Rxc4 34. Bxc4
Nd6 35. Be2 gxf3 36. Qxf3 Kc7 37. Kd3 h4 38. Qf2 b6 39. Bf3 Nb7 40. Qc2+ Nc5+
41. Ke2 Kd6 42. Qc4 Qg7 43. Qb4 Qg5 44. a5 Qe7 45. axb6 axb6 46. Qa3 Qg7 47.
Qa8 Nd7 48. Qc6+ Ke7 49. Qe6+ Kd8 50. Bg4 Qe7 51. Qc6 Qg7 52. Kf3 Nf6 53. Qxb6+
Ke8 54. Qb8+ Kf7 55. Qc7+ Kf8 56. Qxg7+ Kxg7 57. b6 Kh6 58. b7 Kg5 59. b8=Q
Nxg4 60. Qg8+ Kh6 61. Qxg4 h3 62. d6 hxg2 63. d7 1-0

[Event "Championnat de France Minimes"]
[Site "MONTBELIARD"]
[Date "2014.04.21"]
[Round "3.9"]
[White "Koppe, Melissa"]
[Black "Banat, Rizlene"]
[Result "0-1"]
[WhiteElo "1621"]
[BlackElo "1813"]
[PlyCount "50"]
[EventDate "2014.??.??"]

1. e4 c5 2. Nf3 e6 3. d4 cxd4 4. Nxd4 a6 5. Be3 Qc7 6. Qd2 b5 7. Nc3 Bb7 8. f3
Nf6 9. Bd3 d5 10. exd5 Nxd5 11. Nxd5 Bxd5 12. O-O Bd6 13. g3 O-O 14. Kg2 Nd7
15. Ne2 Ne5 16. Nc3 Bb7 17. Ne4 Nxd3 18. Qxd3 Be5 19. c3 Rfd8 20. Qc2 Qc4 21.
Nc5 Bd5 22. Nb3 b4 23. Nd2 Qe2+ 24. Bf2 Bxf3+ 25. Kg1 Rxd2 0-1

[Event "Championnat de France Minimes"]
[Site "MONTBELIARD"]
[Date "2014.04.21"]
[Round "3.10"]
[White "Terrazzoni, Claire"]
[Black "Fesselier, Melissa"]
[Result "1/2-1/2"]
[WhiteElo "1619"]
[BlackElo "1804"]
[PlyCount "55"]
[EventDate "2014.??.??"]

1. e4 c5 2. Nf3 e6 3. d4 cxd4 4. Nxd4 a6 5. Nc3 d6 6. Be2 Nf6 7. Be3 Nbd7 8.
O-O b5 9. a3 Bb7 10. f3 Be7 11. Qd2 Qc7 12. Rac1 Rd8 13. Rfd1 O-O 14. Nb3 Ne5
15. Qe1 Nc4 16. Bxc4 bxc4 17. Nd2 d5 18. exd5 exd5 19. Bd4 Bd6 20. Nf1 Nd7 21.
Qh4 Nc5 22. Bxg7 Kxg7 23. Qg5+ Kh8 24. Qf6+ Kg8 25. Qg5+ Kh8 26. Qf6+ Kg8 27.
Qg5+ Kh8 28. Qf6+ 1/2-1/2

[Event "Championnat de France Minimes"]
[Site "MONTBELIARD"]
[Date "2014.04.22"]
[Round "4.6"]
[White "Haussernot, Cecile"]
[Black "Banat, Rizlene"]
[Result "1/2-1/2"]
[WhiteElo "2003"]
[BlackElo "1813"]
[PlyCount "76"]
[EventDate "2014.??.??"]

1. c4 e5 2. d3 Nc6 3. Nc3 Nf6 4. g3 Bc5 5. Bg2 O-O 6. e3 d6 7. Nge2 Bf5 8. O-O
Qd7 9. Nd5 Nxd5 10. Bxd5 Bh3 11. Re1 Nd8 12. d4 Bb4 13. Bd2 Bxd2 14. Qxd2 c6
15. Bf3 Qf5 16. Bh1 Ne6 17. e4 Qf6 18. d5 cxd5 19. exd5 Nc5 20. b4 Nd7 21. Nc3
Qg6 22. Ne4 h6 23. c5 dxc5 24. Nxc5 Nb6 25. Nxb7 Rac8 26. Nc5 Rfd8 27. Rac1 f5
28. Rxe5 Kh7 29. Bf3 Qf7 30. a4 Qc7 31. Ree1 Qf7 32. Red1 Nd7 33. Nxd7 Qxd7 34.
Rxc8 Rxc8 35. b5 Qd6 36. Rc1 Qa3 37. Bd1 Rxc1 38. d6 Qf3 1/2-1/2

[Event "Championnat de France Minimes"]
[Site "MONTBELIARD"]
[Date "2014.04.22"]
[Round "4.7"]
[White "Auvray, Honorine"]
[Black "Nicolas, Gabrielle"]
[Result "1/2-1/2"]
[WhiteElo "1966"]
[BlackElo "1727"]
[PlyCount "71"]
[EventDate "2014.??.??"]

1. e4 e6 2. d4 d5 3. e5 c5 4. c3 Nc6 5. Nf3 Bd7 6. Be2 Nge7 7. O-O cxd4 8. cxd4
Nf5 9. g4 Nh4 10. Nxh4 Qxh4 11. Be3 Ne7 12. Qd2 h5 13. Bg5 Qh3 14. gxh5 g6 15.
f4 Nf5 16. Bf3 Rc8 17. hxg6 fxg6 18. Qg2 Qxg2+ 19. Bxg2 Ne3 20. Nc3 Nxf1 21.
Bxf1 a6 22. Bd3 Kf7 23. Kg2 Bb4 24. Ne2 Rc7 25. a3 Ba5 26. b4 Bb6 27. a4 Rcc8
28. h4 Ba7 29. Bf6 Rhg8 30. Kf3 Be8 31. Ke3 Kf8 32. Kf3 Rc7 33. Ke3 Rc8 34. Kf3
Rc7 35. Ke3 Rc8 36. Kf3 1/2-1/2

[Event "Championnat de France Minimes"]
[Site "MONTBELIARD"]
[Date "2014.04.22"]
[Round "4.8"]
[White "Le Bihan, Alison"]
[Black "Chung, Mathilde"]
[Result "1/2-1/2"]
[WhiteElo "1669"]
[BlackElo "1949"]
[PlyCount "128"]
[EventDate "2014.??.??"]

1. Nf3 e6 2. d4 d5 3. g3 Nf6 4. Bg2 b5 5. a4 b4 6. c4 bxc3 7. bxc3 Nbd7 8. O-O
c5 9. Bf4 Ba6 10. Re1 cxd4 11. cxd4 Bb4 12. Bd2 Rb8 13. e3 O-O 14. Nc3 Rb7 15.
Nb5 Bxd2 16. Qxd2 Ne4 17. Qc2 Qb8 18. Bf1 Rc8 19. Qa2 Bxb5 20. axb5 Rbc7 21.
Bd3 Qb6 22. Qb2 Rb8 23. Qa2 Nd6 24. Rec1 Rbb7 25. Qa6 Rxc1+ 26. Rxc1 Rc7 27.
Rc6 Rxc6 28. bxc6 Qxa6 29. Bxa6 Nb8 30. Bb7 Nxb7 31. cxb7 Kf8 32. Kf1 Ke7 33.
Ne5 f6 34. Nd3 Kd6 35. f4 Kc6 36. Nc5 e5 37. Ke2 exd4 38. exd4 a5 39. Kd3 Kb5
40. Kc3 a4 41. g4 g6 42. h4 h6 43. Ne6 Kc6 44. Nc5 Kb5 45. Ne6 Kc6 46. Kb4 Kxb7
47. Kxa4 Kc6 48. Nf8 g5 49. fxg5 fxg5 50. hxg5 hxg5 51. Ne6 Kd6 52. Nxg5 Nc6
53. Nf3 Ke6 54. Kb5 Nd8 55. Kc5 Nf7 56. g5 Nd6 57. Kc6 Nf5 58. Kc5 Nd6 59. g6
Nf5 60. Ne5 Ne7 61. Kb6 Kf6 62. Kc7 Nf5 63. Kc6 Nxd4+ 64. Kxd5 Nf5 1/2-1/2

[Event "Championnat de France Minimes"]
[Site "MONTBELIARD"]
[Date "2014.04.22"]
[Round "4.9"]
[White "Le Berre, Audrey"]
[Black "Rouffignac, Marie"]
[Result "0-1"]
[WhiteElo "1562"]
[BlackElo "1838"]
[PlyCount "88"]
[EventDate "2014.??.??"]

1. c4 c5 2. Nc3 Nf6 3. g3 d5 4. cxd5 Nxd5 5. Bg2 Nc7 6. Nf3 Nc6 7. d3 e5 8. a3
f6 9. Qc2 Be7 10. O-O O-O 11. Bd2 Bd7 12. Rab1 Rc8 13. Qd1 Ne6 14. Nd5 b6 15.
Nxe7+ Qxe7 16. Qe1 Ned4 17. Nxd4 Nxd4 18. Bd5+ Be6 19. Bxe6+ Qxe6 20. Qd1 Rf7
21. b3 e4 22. Be3 Rd7 23. Bxd4 Rxd4 24. Qc2 exd3 25. exd3 Qd6 26. Rbd1 Rd8 27.
Rfe1 Rxd3 28. Qc4+ Kf8 29. Rxd3 Qxd3 30. Qe6 Qd7 31. Qe4 Re8 32. Qxe8+ Qxe8 33.
Rxe8+ Kxe8 34. Kf1 Kd7 35. Ke2 Kd6 36. Kd3 Kd5 37. f4 f5 38. a4 a6 39. h3 h5
40. h4 b5 41. axb5 axb5 42. Kc3 c4 43. bxc4+ bxc4 44. Kc2 Kd4 0-1

[Event "Championnat de France Minimes"]
[Site "MONTBELIARD"]
[Date "2014.04.22"]
[Round "4.10"]
[White "Leriche, Ines"]
[Black "Terrazzoni, Claire"]
[Result "1/2-1/2"]
[WhiteElo "1888"]
[BlackElo "1619"]
[PlyCount "65"]
[EventDate "2014.??.??"]

1. d4 d5 2. c4 e6 3. Nc3 Be7 4. cxd5 exd5 5. Bf4 Nf6 6. e3 O-O 7. Bd3 b6 8. h3
Bb7 9. Nf3 c5 10. Rc1 Nbd7 11. O-O Rc8 12. Nb5 Ne4 13. dxc5 Ndxc5 14. Be2 a6
15. Nbd4 Bd6 16. Bxd6 Qxd6 17. b4 Ne6 18. Nxe6 fxe6 19. Qd4 Rc7 20. Bd3 Rfc8
21. Rxc7 Qxc7 22. Bxe4 dxe4 23. Nd2 Qd8 24. Qxd8+ Rxd8 25. Nb3 Rc8 26. Rd1 Bd5
27. Rd4 Rc2 28. Rd2 Rc4 29. Rd4 Rc2 30. Rd2 Rc4 31. Rd4 Rc2 32. Rd2 Rc4 33. Rd4
1/2-1/2

[Event "Championnat de France Minimes"]
[Site "MONTBELIARD"]
[Date "2014.04.23"]
[Round "5.6"]
[White "Haussernot, Cecile"]
[Black "Auvray, Honorine"]
[Result "0-1"]
[WhiteElo "2003"]
[BlackElo "1966"]
[PlyCount "68"]
[EventDate "2014.??.??"]

1. e4 c5 2. Ne2 g6 3. g3 Bg7 4. Bg2 Nc6 5. c3 d6 6. O-O e5 7. d3 Be6 8. f4 Nge7
9. Nd2 O-O 10. Nf3 Qb6 11. Kh1 Rad8 12. Qc2 d5 13. Be3 dxe4 14. dxe4 Bc4 15.
Rad1 Qb5 16. a4 Qa6 17. Nc1 Bxf1 18. Bxf1 Rxd1 19. Qxd1 Qa5 20. Nd3 Rd8 21. Qc2
exf4 22. gxf4 b6 23. Qb3 Qa6 24. Qc2 Qc4 25. Nd2 Qe6 26. Nf2 Nf5 27. Ng4 Nxe3
28. Nxe3 Bh6 29. Bc4 Qd6 30. Nd5 Ne7 31. e5 Qc6 32. Ne4 Nxd5 33. Qg2 Nxf4 34.
Qf3 Rd1+ 0-1

[Event "Championnat de France Minimes"]
[Site "MONTBELIARD"]
[Date "2014.04.23"]
[Round "5.7"]
[White "Chung, Mathilde"]
[Black "Fesselier, Melissa"]
[Result "1/2-1/2"]
[WhiteElo "1949"]
[BlackElo "1804"]
[PlyCount "96"]
[EventDate "2014.??.??"]

1. d4 Nf6 2. c4 g6 3. Nc3 d5 4. cxd5 Nxd5 5. Bd2 Bg7 6. e4 Nxc3 7. Bxc3 O-O 8.
Nf3 c5 9. d5 Nd7 10. Bxg7 Kxg7 11. Rc1 Nf6 12. Bd3 Qb6 13. Qd2 Bd7 14. h4 Qb4
15. Qxb4 cxb4 16. Ke2 Rfc8 17. Ne5 Be8 18. f4 a6 19. g4 Bb5 20. Ke3 Nd7 21.
Bxb5 Nxe5 22. Be2 Nd7 23. e5 Nb6 24. Ke4 Na4 25. Rb1 Rc2 26. Bd1 Rc4+ 27. Ke3
Nb6 28. Bf3 Rd8 29. Rbc1 Rxc1 30. Rxc1 Nxd5+ 31. Bxd5 Rxd5 32. Rc7 b6 33. Rb7
e6 34. Rxb6 a5 35. Ra6 Rc5 36. b3 Rd5 37. Ra7 Rc5 38. Ke4 h5 39. gxh5 gxh5 40.
f5 exf5+ 41. Kxf5 Rd5 42. Ke4 Rd2 43. Rxa5 Rh2 44. Rb5 Rxh4+ 45. Kf3 Rg4 46. e6
fxe6 47. Rxh5 Rd4 48. Ke3 Rg4 1/2-1/2

[Event "Championnat de France Minimes"]
[Site "MONTBELIARD"]
[Date "2014.04.23"]
[Round "5.8"]
[White "Rouffignac, Marie"]
[Black "Le Bihan, Alison"]
[Result "1-0"]
[WhiteElo "1838"]
[BlackElo "1669"]
[PlyCount "69"]
[EventDate "2014.??.??"]

1. e4 g6 2. d4 c6 3. Nc3 d5 4. Nf3 Bg7 5. exd5 cxd5 6. Bf4 Nf6 7. Qd2 O-O 8.
Bh6 Nc6 9. Bxg7 Kxg7 10. O-O-O a6 11. h4 Bg4 12. Be2 h6 13. Ne5 Bxe2 14. Qxe2
e6 15. g4 Nd7 16. Nxd7 Qxd7 17. h5 g5 18. f4 gxf4 19. Qd2 Qe7 20. Rdf1 b5 21.
Rxf4 Rac8 22. Rhf1 Qg5 23. Kb1 f6 24. Qf2 Rf7 25. Ne2 Nb4 26. Qg3 Nxc2 27. Ng1
Kg8 28. Nh3 Qg7 29. g5 hxg5 30. Nxg5 Rfc7 31. Rxf6 Nxd4 32. Qe5 Rc6 33. Rg6
Qxg6+ 34. hxg6 Ne2 35. Qxe2 1-0

[Event "Championnat de France Minimes"]
[Site "MONTBELIARD"]
[Date "2014.04.23"]
[Round "5.9"]
[White "Nicolas, Gabrielle"]
[Black "Leriche, Ines"]
[Result "1/2-1/2"]
[WhiteElo "1727"]
[BlackElo "1888"]
[PlyCount "100"]
[EventDate "2014.??.??"]

1. d4 Nf6 2. Nf3 c5 3. e3 cxd4 4. exd4 d5 5. Bd3 Bg4 6. c3 Nc6 7. O-O e6 8. Bg5
Be7 9. Nbd2 O-O 10. Qc2 h6 11. Bh4 Bxf3 12. Nxf3 Rb8 13. Bg3 Bd6 14. Ne5 Qc7
15. Rae1 b5 16. f4 Rfc8 17. Qf2 b4 18. f5 Nxe5 19. Bxe5 Ng4 20. Qg3 Nxe5 21.
dxe5 Bc5+ 22. Kh1 exf5 23. Rxf5 Re8 24. Rh5 Rb6 25. Qf3 Qb7 26. cxb4 Bxb4 27.
Rf1 Rbe6 28. Qg3 Qc7 29. a3 Bf8 30. Re1 Bd6 31. Rf1 Bxe5 32. Qf2 Rf6 33. Rf5
Qd7 34. Qd2 Rxf5 35. Bxf5 Qd6 36. Re1 Re7 37. h3 Bf6 38. Rc1 Re8 39. Rd1 d4 40.
Bb1 Qe6 41. Qd3 g6 42. Qg3 Qe2 43. Qf3 Qxf3 44. gxf3 Re2 45. b4 Rf2 46. Be4 Be5
47. Kg1 Re2 48. Bd5 Bf6 49. a4 Re3 50. a5 Re2 1/2-1/2

[Event "Championnat de France Minimes"]
[Site "MONTBELIARD"]
[Date "2014.04.23"]
[Round "5.10"]
[White "Imperor, Lorene"]
[Black "Terrazzoni, Claire"]
[Result "1-0"]
[WhiteElo "1878"]
[BlackElo "1619"]
[PlyCount "59"]
[EventDate "2014.??.??"]

1. d4 d5 2. c4 e6 3. Nc3 Be7 4. cxd5 exd5 5. Bf4 Nf6 6. e3 O-O 7. Bd3 Nbd7 8.
Nge2 b6 9. O-O Bb7 10. Qc2 c5 11. b3 a6 12. Ng3 Rc8 13. Qb2 Re8 14. Rac1 Bf8
15. dxc5 bxc5 16. Rfd1 Qb6 17. Bf5 Rcd8 18. Bg5 h6 19. Bxd7 Rxd7 20. Na4 Qc6
21. Bxf6 gxf6 22. Qe2 Re5 23. f4 Re8 24. Qg4+ Kh8 25. Nf5 c4 26. Rf1 h5 27.
Qxh5+ Kg8 28. Qg4+ Kh7 29. Rf3 Bh6 30. Rh3 1-0